Urugay: primer encuentro de la corriente frente amplista
Guardado en:
| Formato: | Texto |
|---|---|
| Materias: | |
| Etiquetas: |
Agregar Etiqueta
Sin Etiquetas, Sea el primero en etiquetar este registro!
|
MARC
| LEADER | 00000 a a2200000 04500 | ||
|---|---|---|---|
| 001 | 18082 | ||
| 003 | |||
| 040 | |||
| 245 | |a Urugay: |b primer encuentro de la corriente frente amplista | ||
| 650 | |a PARTIDOS POLITICOS | ||
| 650 | |a IMPERIALISMO | ||
| 650 | |a DICTADURA | ||
| 650 | |a URUGUAY | ||
| 773 | |g volumen 5, número 6; (1981) páginas 68-71 | ||
| 999 | |c 25498 |d 25498 | ||
| 773 | 0 | |0 42391 |9 3878 |a Agencia Latinoamericana de Información, ALAI |d Quito, Ecuador: ALAI |o 04405 |t ALAI: |x 08275564 (Servicio mensual de información y documentación) | |
